Statistics for all 19 mcu movies

Click here to take the quiz!

General Stats

  • This quiz has been taken 177 times
  • The average score is 17 of 19

Answer Stats

Answer% Correct
ironman
99%
ironman 2
98%
thor
97%
captain america
96%
ironman 3
96%
avengers
95%
avengers 2
93%
avengers infinity war
93%
hulk
93%
captain america civil war
92%
black panther
90%
thor 2
90%
captain america 2
89%
spiderman homecoming
89%
thor ragnarok
89%
antman
88%
doctor strange
87%
guardians of the galaxy
85%
guardians of the galaxy vol. 2
84%

Score Distribution

Percentile by Number Answered

Percent of People with Each Score

Your Score History

You have not taken this quiz